[Event "26th Chicago Open"]
[Site "Wheeling, IL"]
[Date "2017.05.29"]
[Round "9.13"]
[White "Perez, Robert"]
[Black "Abdumalik, Zhansaya"]
[Result "1/2-1/2"]
[WhiteElo "2365"]
[BlackElo "2420"]
[PlyCount "81"]
[EventDate "2017.05.??"]
[EventType "swiss"]
[EventRounds "9"]
[EventCountry "USA"]

1. d4 Nf6 2. c4 d6 3. Nc3 Bf5 4. f3 e5 5. d5 g6 6. e4 Bc8 7. Bg5 Bg7 8. Qd2 a5
9. g3 h6 10. Be3 Na6 11. Bh3 Nh5 12. O-O-O f5 13. exf5 gxf5 14. g4 f4 15. Bf2
Nf6 16. Bf1 h5 17. g5 Ng8 18. h4 Ne7 19. Ne4 Bf5 20. Ne2 b6 21. N2c3 Nc5 22. b3
Qd7 23. Kb2 Kf7 24. Bd3 Nxd3+ 25. Qxd3 Bg6 26. a3 Nf5 27. Kc1 Rhe8 28. Nb5 Rf8
29. Kd2 Kg8 30. Rdg1 Kh7 31. Ke2 Rae8 32. Re1 Rf7 33. Kf1 Ref8 34. Kg2 Ne3+ 35.
Kh2 Nf5 36. Nbc3 Kh8 37. Rhg1 Ne7 38. Qd2 Re8 39. Qd3 Ref8 40. Qd1 Ra8 41. Qd3
1/2-1/2

[Event "26th Chicago Open"]
[Site "Wheeling, IL"]
[Date "2017.05.29"]
[Round "9.14"]
[White "Hernandez, Holden"]
[Black "Vibbert, Sean"]
[Result "1-0"]
[WhiteElo "2510"]
[BlackElo "2316"]
[PlyCount "123"]
[EventDate "2017.05.??"]
[EventType "swiss"]
[EventRounds "9"]
[EventCountry "USA"]

1. e4 c5 2. Nc3 e6 3. f4 Nc6 4. Nf3 d5 5. Bb5 Nf6 6. e5 Nd7 7. Bxc6 bxc6 8. d3
Ba6 9. b3 Be7 10. O-O f5 11. exf6 Bxf6 12. Bb2 O-O 13. Qe2 Re8 14. Na4 c4 15.
Bxf6 cxd3 16. cxd3 gxf6 17. Nd4 Qe7 18. Rae1 Nc5 19. Nb2 Kh8 20. Rf3 e5 21.
fxe5 Qxe5 22. Qxe5 fxe5 23. Nxc6 e4 24. dxe4 dxe4 25. Rfe3 Re6 26. Na5 Rf8 27.
b4 Ref6 28. h3 Nd3 29. Nxd3 exd3 30. Nb3 Rf1+ 31. Kh2 R1f2 32. Nc5 d2 33. Rd1
Rg8 34. Rg3 Re8 35. Rf3 Rxf3 36. gxf3 Re2+ 37. Kg3 Bc4 38. a4 Bd5 39. b5 Kg7
40. a5 Kf7 41. b6 axb6 42. axb6 Re3 43. Rxd2 Rxf3+ 44. Kg4 Rf6 45. Rxd5 Rxb6
46. Kh5 Kg7 47. Rd7+ Kg8 48. Ne4 Rb5+ 49. Ng5 Ra5 50. Re7 Rf5 51. h4 Rf6 52.
Rxh7 Ra6 53. Rh6 Ra5 54. Re6 Kg7 55. Re7+ Kf8 56. Rf7+ Kg8 57. Kg6 Ra6+ 58. Rf6
Ra7 59. Ne6 Ra8 60. h5 Rb8 61. h6 Ra8 62. Ng5 1-0

[Event "26th Chicago Open"]
[Site "Wheeling, IL"]
[Date "2017.05.29"]
[Round "9.15"]
[White "Troff, Kayden"]
[Black "Niemann, Hans"]
[Result "1/2-1/2"]
[WhiteElo "2482"]
[BlackElo "2282"]
[PlyCount "103"]
[EventDate "2017.05.??"]
[EventType "swiss"]
[EventRounds "9"]
[EventCountry "USA"]

1. d4 Nf6 2. c4 c5 3. d5 e6 4. Nc3 exd5 5. cxd5 d6 6. Nf3 g6 7. Bf4 a6 8. a4
Bg7 9. h3 O-O 10. e3 Qe7 11. Be2 Nbd7 12. O-O Ne8 13. Re1 f5 14. Nd2 Ne5 15.
Bh2 g5 16. f4 Ng6 17. Bh5 gxf4 18. exf4 Qh4 19. Bxg6 hxg6 20. Nf3 Qd8 21. Ng5
Bf6 22. h4 Ng7 23. Qf3 Bd4+ 24. Kh1 Qf6 25. Bg1 Bxg1 26. Kxg1 Bd7 27. a5 Rfe8
28. Kh2 Qd4 29. Rad1 Rxe1 30. Rxd4 cxd4 31. Qf2 Re3 32. Qd2 dxc3 33. Qxe3 c2
34. Nf3 Rc8 35. Qc1 Bb5 36. Nd4 Bd3 37. Nb3 Nh5 38. Qe3 Be4 39. Qb6 Bxd5 40.
Nc1 Nf6 41. Qxd6 Kf7 42. Kg1 Be4 43. Kf1 Rc6 44. Qd8 Nd5 45. Qd7+ Kf6 46. Qd8+
Ke6 47. Qg8+ Kd7 48. Qg7+ Kc8 49. Qh8+ Kd7 50. Qg7+ Kc8 51. Qh8+ Kc7 52. Qe5+
1/2-1/2

[Event "26th Chicago Open"]
[Site "Wheeling, IL"]
[Date "2017.05.29"]
[Round "9.16"]
[White "Feng, Maggie"]
[Black "Larson, Matthew"]
[Result "0-1"]
[WhiteElo "2298"]
[BlackElo "2367"]
[PlyCount "96"]
[EventDate "2017.05.??"]
[EventType "swiss"]
[EventRounds "9"]
[EventCountry "USA"]

1. Nf3 c5 2. g3 Nc6 3. c4 e5 4. Nc3 g6 5. Bg2 Bg7 6. d3 d6 7. a3 Nge7 8. O-O
O-O 9. Rb1 a5 10. Bd2 Rb8 11. Qc1 f5 12. Bg5 Be6 13. Ne1 Qd7 14. Bxe7 Nxe7 15.
b4 b6 16. Qd2 Kh8 17. Nc2 Ng8 18. Nd5 axb4 19. axb4 b5 20. Na3 bxc4 21. dxc4 e4
22. Nb5 Rfd8 23. Rfd1 Be5 24. Nbc7 Bf7 25. Na6 Ra8 26. Nb6 Qb7 27. Nxa8 Rxa8
28. bxc5 Qxa6 29. cxd6 Nf6 30. c5 Nd7 31. Rdc1 Rc8 32. Qb4 Kg8 33. e3 Bd5 34.
Bf1 Qa8 35. Bb5 Bc6 36. Bc4+ Kf8 37. Bb3 Rb8 38. Qc4 Kg7 39. Rd1 Qa3 40. Qf7+
Kh6 41. Be6 Rxb1 42. Rxb1 Qd3 43. Rc1 Qd2 44. Rc4 Nf6 45. d7 Ng4 46. Qf8+ Bg7
47. d8=Q Qxf2+ 48. Kh1 Qf1# 0-1

[Event "26th Chicago Open"]
[Site "Wheeling, IL"]
[Date "2017.05.29"]
[Round "9.17"]
[White "Schmakel, Sam"]
[Black "Young, Angelo"]
[Result "1-0"]
[WhiteElo "2344"]
[BlackElo "2281"]
[PlyCount "109"]
[EventDate "2017.05.??"]
[EventType "swiss"]
[EventRounds "9"]
[EventCountry "USA"]

1. e4 c5 2. Nf3 Nf6 3. Nc3 d6 4. d4 cxd4 5. Nxd4 e6 6. g4 h6 7. h4 Nc6 8. Rg1
Nd7 9. g5 hxg5 10. Bxg5 Qc7 11. Ndb5 Qb8 12. Be2 a6 13. Nd4 Nde5 14. h5 Bd7 15.
Be3 b5 16. b3 Qc7 17. Qd2 Rc8 18. f4 Nxd4 19. Bxd4 Rh7 20. Rg3 Nc6 21. Bg1 Be7
22. O-O-O Qa5 23. Kb2 d5 24. exd5 Nb4 25. d6 Bh4 26. Rg2 Bf6 27. Bd4 Bxd4 28.
Qxd4 Nxc2 29. Rxg7 Rh8 30. Rdg1 Rf8 31. Qf6 Qa3+ 32. Kxc2 Qxd6 33. Rd1 Qc7 34.
b4 a5 35. a3 axb4 36. axb4 Qa7 37. Qd4 Qa2+ 38. Kd3 Qa3 39. Rgg1 Rc4 40. Qf6
Bc6 41. Rc1 Qxb4 42. Kd2 Rxf4 43. Qe5 Ke7 44. Ke3 Rd8 45. Rgd1 Rf5 46. Qc7+ Rd7
47. Rxd7+ Bxd7 48. Rd1 Qc5+ 49. Qxc5+ Rxc5 50. Ne4 Rc8 51. Ra1 f5 52. Ra7 fxe4
53. Bxb5 Rd8 54. Bxd7 Kf6 55. Bb5 1-0

[Event "26th Chicago Open"]
[Site "Wheeling, IL"]
[Date "2017.05.29"]
[Round "9.19"]
[White "Ampie, Mauro"]
[Black "Peng, David"]
[Result "1/2-1/2"]
[WhiteElo "2327"]
[BlackElo "2254"]
[PlyCount "84"]
[EventDate "2017.05.??"]
[EventType "swiss"]
[EventRounds "9"]
[EventCountry "USA"]

1. e4 c5 2. Nc3 d6 3. f4 g6 4. Nf3 Bg7 5. Bb5+ Bd7 6. Bc4 Nc6 7. O-O Na5 8. Be2
Nc6 9. Bc4 Na5 10. Be2 Nc6 11. d3 Nf6 12. Qe1 O-O 13. Qh4 Nd4 14. Nxd4 cxd4 15.
Nb1 Rc8 16. Bd1 e6 17. Nd2 Bc6 18. Nf3 Nd7 19. Qh3 Qe7 20. f5 e5 21. Ng5 h6 22.
fxg6 fxg6 23. Rxf8+ Bxf8 24. Ne6 g5 25. Nxf8 Qxf8 26. Bg4 Rc7 27. Bd2 Nf6 28.
Rf1 Kg7 29. Qg3 Rf7 30. Be2 Nh5 31. Qe1 Rxf1+ 32. Qxf1 Qxf1+ 33. Bxf1 d5 34.
exd5 Bxd5 35. a3 Nf4 36. Kf2 e4 37. dxe4 Bxe4 38. g3 Nd5 39. Bc4 Ne3 40. Bxe3
dxe3+ 41. Kxe3 Bxc2 42. Bd3 Bb3 1/2-1/2

[Event "26th Chicago Open"]
[Site "Wheeling, IL"]
[Date "2017.05.29"]
[Round "9.22"]
[White "Thavandiran, Shiyam"]
[Black "Kelly, Joey"]
[Result "1-0"]
[WhiteElo "2363"]
[BlackElo "2039"]
[PlyCount "39"]
[EventDate "2017.05.??"]
[EventType "swiss"]
[EventRounds "9"]
[EventCountry "USA"]

1. e4 c5 2. Nf3 Nc6 3. d4 cxd4 4. Nxd4 Nf6 5. Nc3 d6 6. Bg5 Bd7 7. Nb3 Rc8 8.
Be2 h6 9. Bh4 g5 10. Bg3 a6 11. f4 Rg8 12. O-O Bg7 13. e5 Nh7 14. exd6 exd6 15.
Ne4 Bf8 16. fxg5 Be6 17. Bg4 Qd7 18. Bxe6 Qxe6 19. Re1 Ne5 20. Nec5 1-0

[Event "26th Chicago Open"]
[Site "Wheeling, IL"]
[Date "2017.05.29"]
[Round "9.23"]
[White "Lederer, Yoav"]
[Black "Blatny, Pavel"]
[Result "1/2-1/2"]
[WhiteElo "2259"]
[BlackElo "2392"]
[PlyCount "120"]
[EventDate "2017.05.??"]
[EventType "swiss"]
[EventRounds "9"]
[EventCountry "USA"]

1. g3 g6 2. Bg2 Bg7 3. d4 d6 4. Nf3 Nd7 5. c4 e6 6. Nc3 Ne7 7. e4 h6 8. O-O b6
9. b3 Bb7 10. Bb2 a6 11. Qe2 O-O 12. Rfd1 Qb8 13. Rac1 Qa7 14. a4 Rae8 15. Ne1
Qa8 16. f4 c5 17. dxc5 Nxc5 18. Rxd6 Nc8 19. Rdd1 Nxb3 20. Rb1 Nc5 21. e5 Bxg2
22. Qxg2 Qxg2+ 23. Kxg2 Re7 24. Ba3 Rc7 25. Nd3 Nxd3 26. Bxf8 Nxf4+ 27. gxf4
Bxf8 28. Rd4 Be7 29. Ne4 Rc6 30. Kf3 Kg7 31. h3 a5 32. Ke2 f5 33. exf6+ Bxf6
34. Rd7+ Be7 35. Kd3 Kf7 36. Rg1 Nd6 37. Nxd6+ Rxd6+ 38. Rxd6 Bxd6 39. Ke4 Kf6
40. Rd1 Bc5 41. Rd7 h5 42. Rd1 Be7 43. Rg1 Bc5 44. Rg2 Be7 45. Rg3 Bc5 46. Rg5
Bf2 47. Rb5 Bc5 48. Rb1 Bf2 49. Rd1 Bc5 50. Kf3 Be7 51. Rd7 Bc5 52. Rc7 Bg1 53.
Rc8 Bc5 54. Ke4 Bb4 55. Kd3 Kf5 56. Ke3 Bc5+ 57. Kf3 Kf6 58. Rc6 Bg1 59. Rc7
Bc5 60. Ke4 Bg1 1/2-1/2

[Event "26th Chicago Open"]
[Site "Wheeling, IL"]
[Date "2017.05.29"]
[Round "9.24"]
[White "Zhang, Chao"]
[Black "Hong, Andrew"]
[Result "1/2-1/2"]
[WhiteElo "2229"]
[BlackElo "2383"]
[PlyCount "41"]
[EventDate "2017.05.??"]
[EventType "swiss"]
[EventRounds "9"]
[EventCountry "USA"]

1. d4 d5 2. Nf3 Nf6 3. g3 c5 4. Bg2 cxd4 5. O-O h6 6. Nxd4 e5 7. Nf3 Nc6 8. c4
d4 9. e3 Be7 10. exd4 exd4 11. a3 a5 12. b3 O-O 13. Bb2 Bc5 14. b4 axb4 15.
axb4 Rxa1 16. Bxa1 Bxb4 17. Nxd4 Nxd4 18. Qxd4 Qxd4 19. Bxd4 Be6 20. Rc1 Rc8
21. Bxb7 1/2-1/2

[Event "26th Chicago Open"]
[Site "Wheeling, IL"]
[Date "2017.05.29"]
[Round "9.25"]
[White "Larrua, Fernando"]
[Black "Huang, Andy"]
[Result "1/2-1/2"]
[WhiteElo "2367"]
[BlackElo "2165"]
[PlyCount "39"]
[EventDate "2017.05.??"]
[EventType "swiss"]
[EventRounds "9"]
[EventCountry "USA"]

1. d4 d5 2. Nf3 Nf6 3. c4 c6 4. e3 e6 5. Bd3 Nbd7 6. O-O Bd6 7. Nc3 O-O 8. e4
e5 9. exd5 cxd5 10. dxe5 Nxe5 11. Nxd5 Nxd5 12. cxd5 Nxd3 13. Qxd3 Qf6 14. Qd4
Qg6 15. Bf4 Rd8 16. Rfe1 h6 17. Bxd6 Qxd6 18. Nd2 Be6 19. Ne4 Qxd5 20. Qe3
1/2-1/2

[Event "26th Chicago Open"]
[Site "Wheeling, IL"]
[Date "2017.05.29"]
[Round "9.26"]
[White "Furfine, Jacob"]
[Black "Song, Edward"]
[Result "1/2-1/2"]
[WhiteElo "2191"]
[BlackElo "2302"]
[PlyCount "48"]
[EventDate "2017.05.??"]
[EventType "swiss"]
[EventRounds "9"]
[EventCountry "USA"]

1. d4 Nf6 2. Nf3 d5 3. Bf4 c5 4. e3 Nc6 5. Nbd2 e6 6. c3 cxd4 7. exd4 Nh5 8.
Be3 Bd6 9. Ne5 g6 10. Bb5 Bd7 11. Nd3 Nb8 12. a4 a6 13. Bxd7+ Nxd7 14. O-O Qc7
15. g3 O-O 16. a5 Ng7 17. Bf4 Nf5 18. Re1 Rfb8 19. Bxd6 Nxd6 20. Qa4 Rc8 21.
Kg2 Qc6 22. Qxc6 Rxc6 23. Nb4 Rcc8 24. Ra3 Kf8 1/2-1/2

[Event "26th Chicago Open"]
[Site "Wheeling, IL"]
[Date "2017.05.29"]
[Round "9.27"]
[White "Guddanti, Harshita"]
[Black "Homa, Seth"]
[Result "0-1"]
[WhiteElo "2007"]
[BlackElo "2285"]
[PlyCount "98"]
[EventDate "2017.05.??"]
[EventType "swiss"]
[EventRounds "9"]
[EventCountry "USA"]

1. e4 c5 2. Nf3 e6 3. d4 cxd4 4. Nxd4 Nc6 5. Nc3 Qc7 6. Be2 a6 7. O-O Nf6 8.
Be3 Bb4 9. Na4 Be7 10. Nxc6 bxc6 11. Nb6 Rb8 12. Nxc8 Qxc8 13. e5 Nd5 14. Bc1
Bc5 15. c4 Ne7 16. b3 Qc7 17. Bb2 Ng6 18. Qd2 O-O 19. Qc3 f6 20. exf6 Rxf6 21.
Qd2 e5 22. Kh1 d6 23. Bc3 Bxf2 24. c5 d5 25. Bxa6 Bxc5 26. Rxf6 gxf6 27. b4 Ba7
28. b5 cxb5 29. Qxd5+ Kg7 30. Rd1 b4 31. Bb2 Bd4 32. Rc1 Qd8 33. Qb3 Bxb2 34.
Qxb2 Qd6 35. Bc4 Rc8 36. Qb3 Qc5 37. Qh3 Rd8 38. Qe6 Qe7 39. Qb6 Qd6 40. Qb7+
Rd7 41. Qf3 Qc7 42. Qb3 Qc5 43. Rf1 Rd2 44. Bg8 Qe7 45. Qe3 Qd7 46. Bb3 Qd4 47.
Qh3 Qd3 48. g3 h5 49. Rc1 Nf4 0-1

[Event "26th Chicago Open"]
[Site "Wheeling, IL"]
[Date "2017.05.29"]
[Round "9.29"]
[White "Posthuma, Joshua"]
[Black "Eckert, Doug"]
[Result "1-0"]
[WhiteElo "2268"]
[BlackElo "2152"]
[PlyCount "119"]
[EventDate "2017.05.??"]
[EventType "swiss"]
[EventRounds "9"]
[EventCountry "USA"]

1. b3 e5 2. Bb2 Nc6 3. e3 Nf6 4. Bb5 Bd6 5. Na3 Na5 6. Nc4 Nxc4 7. Bxc4 c6 8.
Nf3 Qe7 9. d4 exd4 10. Qxd4 Bb4+ 11. Ke2 d5 12. Bd3 Bc5 13. Qh4 Bg4 14. Bxf6
Bxf3+ 15. Kxf3 gxf6 16. g3 O-O-O 17. Kg2 h5 18. a4 Kb8 19. Rhe1 Rdg8 20. Be2
Qc7 21. Qxf6 h4 22. Bg4 Be7 23. Qf5 hxg3 24. hxg3 Rg6 25. Rh1 Rhg8 26. Bf3 Rg5
27. Qf4 Re5 28. Rh7 f6 29. Rah1 Qd8 30. Rf7 Rf8 31. Rxf8 Qxf8 32. Rh7 a5 33.
Qg4 Rg5 34. Qe6 Rg7 35. Rh5 Qc8 36. Qxc8+ Kxc8 37. Be2 Kc7 38. f4 Bb4 39. Kf3
Re7 40. Bd3 Bd2 41. e4 dxe4+ 42. Bxe4 Bc3 43. g4 Rg7 44. Rc5 Bb4 45. Rf5 Bc3
46. g5 fxg5 47. fxg5 Kd6 48. Kg4 Re7 49. Bd3 Re5 50. Rf6+ Re6 51. Rf3 Re7 52.
Kh5 Kc5 53. Kg6 Bd4 54. Rf5+ Re5 55. Rxe5+ Bxe5 56. Kf7 b5 57. Be4 bxa4 58.
bxa4 Kd6 59. g6 c5 60. c4 1-0

[Event "26th Chicago Open"]
[Site "Wheeling, IL"]
[Date "2017.05.29"]
[Round "9.32"]
[White "Lapan, Dan"]
[Black "Wang, Jason"]
[Result "1/2-1/2"]
[WhiteElo "2194"]
[BlackElo "2016"]
[PlyCount "42"]
[EventDate "2017.05.??"]
[EventType "swiss"]
[EventRounds "9"]
[EventCountry "USA"]

1. e4 c5 2. g3 e6 3. Bg2 Nc6 4. Ne2 a6 5. c3 Nge7 6. O-O g6 7. d4 cxd4 8. Nxd4
Bg7 9. Be3 O-O 10. Na3 Qc7 11. Nac2 d6 12. Qe2 e5 13. Nxc6 Nxc6 14. Rad1 Be6
15. Ra1 b5 16. Rfd1 Rfd8 17. Bc1 Ne7 18. Ne3 Rab8 19. Nd5 Nxd5 20. exd5 Bd7 21.
Be3 f5 1/2-1/2

[Event "26th Chicago Open"]
[Site "Wheeling, IL"]
[Date "2017.05.29"]
[Round "9.34"]
[White "Jayaraman, Aravind"]
[Black "Mathur, Rithwik"]
[Result "0-1"]
[WhiteElo "2178"]
[BlackElo "2073"]
[PlyCount "74"]
[EventDate "2017.05.??"]
[EventType "swiss"]
[EventRounds "9"]
[EventCountry "USA"]

1. Nf3 Nf6 2. g3 e6 3. Bg2 d5 4. O-O c5 5. c4 Nc6 6. cxd5 exd5 7. d4 Be7 8. Nc3
O-O 9. Bg5 Be6 10. dxc5 Bxc5 11. Rc1 Be7 12. Nd4 Nxd4 13. Qxd4 h6 14. Bf4 Qa5
15. Qa4 Qxa4 16. Nxa4 Rac8 17. Be3 b6 18. Rfd1 Ne4 19. Bd4 Nd6 20. Nc3 Nf5 21.
Bxd5 Bg5 22. Bxe6 fxe6 23. f4 Nxd4 24. fxg5 Rxc3 25. Rxc3 Nxe2+ 26. Kg2 Nxc3
27. bxc3 hxg5 28. Rd7 Rf7 29. Rd6 Re7 30. Kh3 Kf7 31. Kg4 Kf6 32. Rd3 Rc7 33.
Rf3+ Kg6 34. Re3 Rc4+ 35. Kf3 g4+ 36. Kf2 Kf5 37. Ke1 Re4 0-1

[Event "26th Chicago Open"]
[Site "Wheeling, IL"]
[Date "2017.05.29"]
[Round "9.36"]
[White "Tsay, Vincent"]
[Black "Titus, Andrew"]
[Result "1-0"]
[WhiteElo "1980"]
[BlackElo "2129"]
[PlyCount "73"]
[EventDate "2017.05.??"]
[EventType "swiss"]
[EventRounds "9"]
[EventCountry "USA"]

1. d4 d5 2. c4 e6 3. Nf3 Nf6 4. g3 Bb4+ 5. Bd2 Be7 6. Bg2 O-O 7. O-O c6 8. Qb3
b6 9. Nc3 Ba6 10. cxd5 cxd5 11. Rfc1 Nc6 12. Nxd5 exd5 13. Rxc6 Bxe2 14. Ne5
Ne4 15. Bb4 Bxb4 16. Qxb4 f6 17. Bxe4 fxe5 18. Rd6 dxe4 19. Rxd8 Raxd8 20. dxe5
Bf3 21. Rc1 Rfe8 22. Qb3+ Kf8 23. Qb5 Rc8 24. Qb4+ Kg8 25. Rxc8 Rxc8 26. Qd2
Re8 27. Qd5+ Kh8 28. h3 h5 29. Kh2 Rc8 30. Qd2 Re8 31. Qg5 Kg8 32. g4 hxg4 33.
hxg4 Kf7 34. Qf5+ Kg8 35. e6 Re7 36. Kg3 g6 37. Qf6 1-0

[Event "26th Chicago Open"]
[Site "Wheeling, IL"]
[Date "2017.05.29"]
[Round "9.37"]
[White "Gustafsson, Alexander"]
[Black "Yoo, Christopher"]
[Result "0-1"]
[WhiteElo "1974"]
[BlackElo "2129"]
[PlyCount "88"]
[EventDate "2017.05.??"]
[EventType "swiss"]
[EventRounds "9"]
[EventCountry "USA"]

1. d4 Nf6 2. Bg5 d5 3. Nd2 Nbd7 4. e3 c5 5. c3 e6 6. f4 Be7 7. Bd3 h6 8. Bxf6
Nxf6 9. Ngf3 Nd7 10. Qe2 f5 11. Bb5 O-O 12. Bxd7 Bxd7 13. Ne5 Be8 14. O-O-O c4
15. g4 b5 16. Rdg1 b4 17. Nb1 Qa5 18. Rg2 Qxa2 19. Rhg1 g5 20. gxf5 Rxf5 21.
fxg5 hxg5 22. e4 dxe4 23. Qxe4 Rd8 24. Nc6 Bxc6 25. Qxe6+ Rf7 26. Qxc6 Qa5 27.
Qxc4 Qf5 28. Rd2 Bd6 29. Rdg2 Bf4+ 30. Nd2 bxc3 31. bxc3 Rb8 32. Qa2 Kh8 33.
Qc2 Qa5 34. Kd1 Re7 35. Nb3 Qa3 36. Re1 Rxe1+ 37. Kxe1 Rxb3 38. Re2 Rxc3 39.
Qg6 Qc1+ 40. Kf2 Be3+ 41. Kf3 Qf1+ 42. Ke4 Qf4+ 43. Kd5 Qxd4+ 44. Ke6 Rc6+ 0-1